Представление документа в формате RUSMARC

ПолеНазваниеЗначение
  Тип записи a
  Библиографический уровень m
001 Контрольный номер RU/CBS_UL/BASE/ac48c2d409304f079c9a18471fc06895
005 Дата корректировки 20251218095005.0
010 Индекс ISBN __
a ISBN 978-5-04-220544-6
b Уточнения в пер.
d Цена 347 р. 60 к.
9 Тираж 4 000 экз.
100 Данные общей обработки __
a Данные общей обработки 20251218d 0rusy0189## ca
101 Язык документа 0_
a Язык текста rus
102 Страна публикации __
a Страна публикации RU
200 Заглавие и сведения об ответственности 1_
a Заглавие Рыбацкая хижина на берегу
e Сведения, относящиеся к заглавию 7 главных вопросов, чтобы понять, как жить дальше
f Первые сведения об ответственности Л. Медури, А. Спану
g Последующие сведения об ответственности [пер. с нем. Н. И. Христофоровой]
210 Выходные данные 1_
a Место издания Москва
c Издательство ЭКСМО
c Издательство БОМБОРА
d Дата издания 2025
215 Физическое описание __
a Объем 187, [1] с.
d Формат 18,5 см.
300 Общие примечания __
a Общие примечания 16+
606 Тематические рубрики 0_
a Основная рубрика Немецкая литература, 21 в. - Проза
610 Ключевые слова 0_
a Ключевые слова литература немецкая; проза немецкая; проза психологическая; жизнь счастливая; осмысление жизни; переосмысление жизни; отпуск; отпуск у моря; хижины; хижина рыбацкая; проза социальная; вопросы жизненные; перемены в жизни; перемены жизненные
686 Индексы других классификаций __
2 Код системы rubbk
a Классификационный индекс 84(4Гем)
700 Автор _1
a Фамилия Медури
b Имя (инициалы) Л.
g Полное личное имя Лоредана
701 Альтернативная интеллектуальная ответственность _1
a Фамилия Спану
b Имя (инициалы) А.
g Полное личное имя Алессандро
801 Источник записи _0
a Страна RU
b Организация МБУК ЦБС г. Ульяновска
c Дата составления 20251218
g Правила каталогизации RCR
801 Источник записи _1
a Страна RU
b Организация МБУК ЦБС г. Ульяновска
c Дата составления 20251218
g Правила каталогизации RCR
852 Данные о местонахождении __
i Авторский знак М 42
j Шифр хранения И(Нем)
900 Электронные ресурсы __
a Имя электронного ресурса Рыбацкая хижина на берегу Медури
901 Тип документа __
t Тип документа m
909 Создатель записи __
a Создатель записи obr5
b Дата создания записи 20251218